[Event "Challenge"]
[Site "http://www.queenalice.com/game.php?id=640082"]
[Date "2009.8.21"]
[Round "-"]
[White "elshafei"]
[Black "chrysos101"]
[Result "1-0"]
[WhiteElo "2059"]
[BlackElo "1877"]

1. e4 c5 2. f4 Nc6 3. Nf3 e6 4. Be2 d5 5. e5 Nge7 6. d4 cxd4 7. Nxd4 Ng6 8. c3
Be7 9. g3 O-O 10. Bd3 Qb6 11. Nxc6 bxc6 12. Qe2 Bb7 13. Be3 c5 14. Bf2 d4 15.
Rg1 Rac8 16. Na3 dxc3 17. bxc3 Rfd8 18. Nc4 Qc7 19. h4 Bd5 20. Ne3 1-0

[Event "Challenge"]
[Site "http://www.queenalice.com/game.php?id=640083"]
[Date "2009.8.21"]
[Round "-"]
[White "mat95"]
[Black "chrysos101"]
[Result "1-0"]
[WhiteElo "1939"]
[BlackElo "1785"]

1. Nf3 d5 2. d4 Nf6 3. g3 g6 4. Bg2 Bg7 5. O-O O-O 6. Nbd2 Bf5 7. Nh4 Bg4 8. h3
Bd7 9. c4 c6 10. b3 dxc4 11. bxc4 Na6 12. Bb2 Nc7 13. e4 Rb8 14. a4 Qc8 15. Kh2
b5 16. axb5 cxb5 17. Rxa7 bxc4 18. Nxc4 Nb5 19. Ra4 Nc7 20. Ra2 g5 21. Nf3 Bb5
22. Nfd2 h6 23. Re1 Ne6 24. Ne5 Rd8 25. d5 Nc5 26. Bd4 1-0

[Event "1785"]
[Site "http://www.queenalice.com/game.php?id=640482"]
[Date "2009.8.23"]
[Round "-"]
[White "phystutordotcom"]
[Black "chrysos101"]
[Result "1-0"]
[WhiteElo "2160"]
[BlackElo "1925"]

1. e4 c5 2. Nf3 d6 3. g3 g6 4. Bg2 Bg7 5. O-O Nc6 6. d3 Bg4 7. h3 Bxf3 8. Qxf3
Nf6 9. c3 O-O 10. Nd2 Rb8 11. Qe2 Qc7 12. f4 b5 13. Nf3 e6 14. e5 Nd7 15. d4
cxd4 16. cxd4 Rfe8 17. Be3 1-0

[Event "1790"]
[Site "http://www.queenalice.com/game.php?id=640487"]
[Date "2009.8.23"]
[Round "-"]
[White "chrysos101"]
[Black "phystutordotcom"]
[Result "0-1"]
[WhiteElo "1913"]
[BlackElo "2132"]

1. d4 d6 2. e4 Nf6 3. Nc3 e5 4. dxe5 dxe5 5. Qxd8+ Kxd8 6. Bg5 Bd6 7. O-O-O Nd7
8. Nf3 Ke8 9. Be2 h6 10. Bh4 g5 11. Bg3 a6 12. h4 g4 13. Nd2 h5 0-1

[Event "Challenge"]
[Site "http://www.queenalice.com/game.php?id=640560"]
[Date "2009.8.22"]
[Round "-"]
[White "Grandioso"]
[Black "chrysos101"]
[Result "1-0"]
[WhiteElo "1840"]
[BlackElo "1685"]

1. d4 d5 2. Nc3 Nf6 3. Bg5 e6 4. e4 dxe4 5. Nxe4 Be7 6. Bxf6 Bxf6 7. Nxf6+ Qxf6
8. Nf3 Nd7 9. Bd3 O-O 10. h4 c5 11. O-O b6 12. c3 Bb7 13. Bb5 Rad8 14. Bxd7 Rxd7
15. Ne5 Rdd8 16. Qg4 Qe7 17. Rfe1 cxd4 18. cxd4 Qb4 19. Rad1 Qxb2 20. Nf3 Rd5
21. Ne5 1-0

[Event "Challenge"]
[Site "http://www.queenalice.com/game.php?id=641113"]
[Date "2009.8.23"]
[Round "-"]
[White "chrysos101"]
[Black "raymundo"]
[Result "0-1"]
[WhiteElo "1706"]
[BlackElo "2026"]

1. e4 c5 2. Nf3 d6 3. d4 cxd4 4. Nxd4 Nf6 5. Nc3 e5 6. Nb3 Nc6 7. Be2 a6 8. Be3
Be7 9. Qd2 O-O 10. O-O b5 11. a3 Be6 12. Nc1 b4 13. Nd5 Nxe4 14. Qd3 Nf6 0-1

[Event "Let's Play Chess!"]
[Site "http://www.queenalice.com/game.php?id=641121"]
[Date "2009.8.23"]
[Round "-"]
[White "igorjava"]
[Black "chrysos101"]
[Result "1-0"]
[WhiteElo "1908"]
[BlackElo "1637"]

1. e4 c5 2. Nf3 e6 3. e5 d5 4. c3 Nc6 5. Bb5 Qc7 6. O-O Ne7 7. d4 a6 8. Bd3 g6
9. Bg5 Bg7 10. Qd2 O-O 11. Bh6 Rd8 12. Bg5 Re8 13. Qf4 cxd4 14. cxd4 Nb4 15. Qd2
1-0

[Event "Challenge"]
[Site "http://www.queenalice.com/game.php?id=641680"]
[Date "2009.8.24"]
[Round "-"]
[White "Martin_Stahl"]
[Black "chrysos101"]
[Result "1-0"]
[WhiteElo "1974"]
[BlackElo "1690"]

1. d4 d5 2. e3 Nf6 3. Bd3 e6 4. Nf3 Be7 5. Nbd2 O-O 6. O-O c5 7. b3 cxd4 8. exd4
Nc6 9. c3 h6 10. a3 Qc7 11. Re1 Re8 12. Ne5 1-0

[Event "Challenge"]
[Site "http://www.queenalice.com/game.php?id=641687"]
[Date "2009.8.24"]
[Round "-"]
[White "chrysos101"]
[Black "Oskyrain"]
[Result "0-1"]
[WhiteElo "1685"]
[BlackElo "2202"]

1. e4 c5 2. Nf3 Nc6 3. d4 cxd4 4. Nxd4 a6 5. Be2 e6 6. Nc3 Qc7 7. O-O Nf6 8. f4
Nxd4 9. Kh1 Nxe2 10. Qxe2 b5 11. e5 b4 12. exf6 bxc3 13. fxg7 Bxg7 14. b3 Bb7
15. f5 Be5 16. fxe6 dxe6 17. Qh5 Rg8 0-1

[Event "Challenge"]
[Site "http://www.queenalice.com/game.php?id=641689"]
[Date "2009.8.24"]
[Round "-"]
[White "shogun"]
[Black "chrysos101"]
[Result "1-0"]
[WhiteElo "2610"]
[BlackElo "1685"]

1. e4 c5 2. Nf3 Nf6 3. e5 Nd5 4. Nc3 Nxc3 5. dxc3 d5 6. exd6 exd6 7. Bc4 Be7 8.
O-O Nc6 9. Re1 O-O 10. Qd3 Bg4 11. Bd5 Rc8 12. Bf4 a6 13. Rad1 h6 14. h3 Bxf3
15. Bxf3 1-0

[Event "Challenge"]
[Site "http://www.queenalice.com/game.php?id=641691"]
[Date "2009.8.24"]
[Round "-"]
[White "chrysos101"]
[Black "PawnOne"]
[Result "0-1"]
[WhiteElo "1797"]
[BlackElo "1886"]

1. d4 d5 2. c4 dxc4 3. e3 Nf6 4. Nf3 Bg4 5. Bxc4 e6 6. Nc3 Bb4 7. O-O O-O 8. a3
Ba5 9. b4 Bb6 10. h3 Bh5 11. a4 a6 12. Bb2 c6 13. Be2 h6 14. Ne5 Bxe2 15. Qxe2
Nbd7 16. Nf3 Re8 17. e4 Nh7 18. a5 Bc7 19. e5 b6 20. axb6 Bxb6 0-1

[Event "Challenge"]
[Site "http://www.queenalice.com/game.php?id=641693"]
[Date "2009.8.24"]
[Round "-"]
[White "chrysos101"]
[Black "yclaudiu35"]
[Result "0-1"]
[WhiteElo "1748"]
[BlackElo "1862"]

1. d4 d5 2. c4 h6 3. Nf3 Bf5 4. Nc3 dxc4 5. e4 Bg4 6. Be3 a6 7. Be2 b5 8. a4 c6
9. axb5 e6 10. bxc6 Nxc6 11. Bxc4 Bb4 12. O-O Bxf3 13. Qxf3 a5 14. Bb5 Qc7 15.
d5 Ne7 16. dxc6 O-O 17. Qg4 f5 18. exf5 Nxf5 19. Rfd1 Rf6 20. Rd7 Qe5 0-1

[Event "Challenge"]
[Site "http://www.queenalice.com/game.php?id=641695"]
[Date "2009.8.24"]
[Round "-"]
[White "chrysos101"]
[Black "mufra22"]
[Result "0-1"]
[WhiteElo "1683"]
[BlackElo "1981"]

1. e4 c5 2. Nf3 d6 3. d4 cxd4 4. Nxd4 a6 5. Nc3 Bd7 6. Bc4 Qc7 7. Bb3 Nf6 8. Nd5
Nxd5 9. exd5 g6 10. O-O Bg7 11. Be3 O-O 12. Qd2 Re8 13. c4 a5 14. f4 f5 15. Rfe1
Na6 16. Rac1 Nc5 17. Bc2 Qc8 18. b3 e6 19. dxe6 Bxe6 20. Nb5 Qc6 21. Qxd6 Qxd6
22. Nxd6 Nxb3 23. Nxe8 Nxc1 24. Nxg7 Kxg7 0-1

[Event "Challenge"]
[Site "http://www.queenalice.com/game.php?id=641927"]
[Date "2009.8.24"]
[Round "-"]
[White "mufra22"]
[Black "chrysos101"]
[Result "1-0"]
[WhiteElo "1985"]
[BlackElo "1679"]

1. e4 c5 2. Nf3 d6 3. d4 cxd4 4. Nxd4 Nf6 5. Nc3 a6 6. f4 e6 7. Qf3 Qb6 8. Nb3
Nc6 9. Be3 Qc7 10. a4 Be7 11. Bd3 O-O 12. O-O e5 13. f5 Rd8 14. Qh3 d5 15. Bd2
d4 16. Ne2 Nb4 17. Rac1 Bd7 18. a5 b5 19. Rf3 1-0